000 00755nam a2200205 a 4500
001 000046169
005 20201002052701.0
008 150701s2010 dr 000 0 spa d
020 _a9789945131444
040 _aDO-SdBNP
_bspa
_cBNPHU
082 _axxxx
_bxxxx
245 0 0 _aAmérica latina desde abajo :
_bcuando no nos acomodamos a la realidad... /
_cMarco Coscione coordinador ; prólogo Leopordo Artiles Gil.
250 _a3a ed.
260 _aSanto Domingo :
_bMIUCA-Acción por el Cambio,
_c2010.
300 _a275 p. ;
_c28 cm.
500 _aIncluye referencias bibliográficas y notas al pie de las páginas.
504 _aBibliografía : p. 271
700 1 2 _aCoscione, Marco,
_ecoord.
_971224
700 1 2 _aArtiles Gil, Leopordo,
_epról.
_974213
999 _c45658
_d45658